书目信息 |
| 题名: |
“黑鹰”
|
|
| 作者: | 张明德 著 | |
| 分册: | ||
| 出版信息: | 北京 海洋出版社 2017 |
|
| 页数: | 251页 | |
| 开本: | 24cm | |
| 丛书名: | 海上力量 | |
| 单 册: | ||
| 中图分类: | E926.396 | |
| 科图分类: | ||
| 主题词: | 军用直升机--jun yong zhi sheng ji--介绍--美国 | |
| 电子资源: | ||
| ISBN: | 978-7-5027-9777-5 | |
| 000 | 01194nam 2200301 450 | |
| 001 | 012017000125 | |
| 005 | 20180111085427.20 | |
| 010 | @a978-7-5027-9777-5@b@dCNY68.00 | |
| 100 | @a20170623d2017 em y0chiy0121 ea | |
| 101 | 0 | @achi |
| 102 | @aCN@b110000 | |
| 105 | @aak z 000yy | |
| 106 | @ar | |
| 200 | 1 | @a“黑鹰”@A“hei ying ”@e全能直升机的特性、装备和发展史@f张明德著@g |
| 210 | @a北京@c海洋出版社@d2017 | |
| 215 | @a251页@c图 (部分彩图)@d24cm | |
| 225 | 2 | @a海上力量@Ahai shang li liang |
| 312 | @a英文并列题名取自封面 | |
| 330 | @a本书是目前国内有关“黑鹰”直升机的最完整的半专业图书。全书从“黑鹰”直升机的研发缘起, 到研发过程, 技术特点以及各种变型和新世纪的黑鹰直升机升级改进等等全部有所叙述, 堪称一部完整的黑鹰直升机全史。 | |
| 410 | 0 | @12001 @a海上力量 |
| 510 | 1 | @aSikorsky black hawk helicopter family from birth to present@zeng |
| 517 | 1 | @a全能直升机的特性、装备和发展史@Aquan neng zhi sheng ji de te xing 、zhuang bei he fa zhan shi |
| 606 | 0 | @a军用直升机@Ajun yong zhi sheng ji@x介绍@y美国 |
| 690 | @aE926.396@v5 | |
| 701 | 0 | @a张明德@Azhang ming de@4著 |
| 801 | 0 | @aCN@b湖北三新@c20170925@g |
| 905 | @aBZT@dE926.396@e3 | |
| 906 | @dCNY68.00@n5@r1 | |
| “黑鹰”:全能直升机的特性、装备和发展史/张明德著.-北京:海洋出版社,2017 |
| 251页:图 (部分彩图);24cm.-(海上力量) |
| ISBN 978-7-5027-9777-5:CNY68.00 |
| 本书是目前国内有关“黑鹰”直升机的最完整的半专业图书。全书从“黑鹰”直升机的研发缘起, 到研发过程, 技术特点以及各种变型和新世纪的黑鹰直升机升级改进等等全部有所叙述, 堪称一部完整的黑鹰直升机全史。 |
| ● |
| 相关链接 |
|
|
|
正题名:"黑鹰"
索取号:E926.396/3
 
预约/预借
| 序号 | 登录号 | 条形码 | 馆藏地/架位号 | 状态 | 备注 |
| 1 | 844040 | 2000844040 | 第二书库/ [索取号:E926.396/3] | 在馆 | |
| 2 | 844041 | 2000844041 | 思政阅览室/思1架A面2层9列/ [索取号:E926.396/3] | 在馆 | |
| 3 | 844042 | 2000844042 | 第二书库/ [索取号:E926.396/3] | 在馆 | |
| 4 | 844043 | 2000844043 | 第二书库/ [索取号:E926.396/3] | 在馆 | |
| 5 | 844044 | 2000844044 | 第二书库/ [索取号:E926.396/3] | 在馆 |